Analytical approaches for the determination of some selected binary pharmaceutical formulations / (رقم التسجيلة. 82671)

تفاصيل مارك
000 -LEADER
fixed length control field 02378cam a2200349 a 4500
003 - CONTROL NUMBER IDENTIFIER
control field EG-GiCUC
005 - DATE AND TIME OF LATEST TRANSACTION
control field 20250223032832.0
008 - FIXED-LENGTH DATA ELEMENTS--GENERAL INFORMATION
fixed length control field 211019s2021 ua dh f m 000 0 eng d
040 ## - CATALOGING SOURCE
Original cataloging agency EG-GiCUC
Language of cataloging eng
Transcribing agency EG-GiCUC
041 0# - LANGUAGE CODE
Language code of text/sound track or separate title eng
049 ## - LOCAL HOLDINGS (OCLC)
Holding library Deposite
097 ## - Thesis Degree
Thesis Level M.Sc
099 ## - LOCAL FREE-TEXT CALL NUMBER (OCLC)
Classification number Cai01.08.03.M.Sc.2021.Me.A
100 0# - MAIN ENTRY--PERSONAL NAME
Personal name Menna Tullah Sameeh Elsayed Elsherbiny
245 10 - TITLE STATEMENT
Title Analytical approaches for the determination of some selected binary pharmaceutical formulations /
Statement of responsibility, etc. Menna Tullah Sameeh Elsayed Elsherbiny ; Supervised Khadiga Mohamed Kelani , Mamdouh Reda Rezk , Hany Hunter Monir Bebawi
246 15 - VARYING FORM OF TITLE
Title proper/short title طرق تحليلية لتعيين بعض المستحضرات الصيدلانية الثنائية المختارة
260 ## - PUBLICATION, DISTRIBUTION, ETC.
Place of publication, distribution, etc. Cairo :
Name of publisher, distributor, etc. Menna Tullah Sameeh Elsayed Elsherbiny ,
Date of publication, distribution, etc. 2021
300 ## - PHYSICAL DESCRIPTION
Extent 181 P. :
Other physical details charts , facsimiles ;
Dimensions 25cm
502 ## - DISSERTATION NOTE
Dissertation note Thesis (M.Sc.) - Cairo University - Faculty of Pharmacy - Department of Analytical Chemistry
520 ## - SUMMARY, ETC.
Summary, etc. This thesis focuses on binary pharmaceutical formulations analysis. Two binary mixture were studied.The first one is hyoscine butylbromide (HYS)/ ketoprofen (KTP), while the second is dextromethorphan HBr (DEX) /benzocaine (BENZ). Different analytical methods (spectroscopic and chromatographic) have been discussed and applied on standard drugs and dosage form. This thesis contains 3 parts: Part one: General introduction and literature review. Part two: Determination of hyoscine butylbromide and ketoprofen in their mixture.Section A: Spectrophotometric and Spectroscopic (Coabsorptive, dual wavelength and IR coupled to chemometric methods) Section B: Chromatographic (HPLC & TLC) Part three: Determination of dextromethorphan HBr and benzocaine in their mixture. Section A: Spectrophotometric and Spectroscopic (dual wavelength, ratio difference, second derivative and IR coupled to chemometric methods ) Section B: Chromatographic (HPLC)
530 ## - ADDITIONAL PHYSICAL FORM AVAILABLE NOTE
Additional physical form available note Issued also as CD
653 #4 - INDEX TERM--UNCONTROLLED
Uncontrolled term Dextromethorphan HBr benzocaine
653 #4 - INDEX TERM--UNCONTROLLED
Uncontrolled term Hyoscine butylbromide
653 #4 - INDEX TERM--UNCONTROLLED
Uncontrolled term Ketoprofen
700 0# - ADDED ENTRY--PERSONAL NAME
Personal name Hany Hunter Monir Bebawi ,
Relator term
700 0# - ADDED ENTRY--PERSONAL NAME
Personal name Khadiga Mohamed Kelani ,
Relator term
700 0# - ADDED ENTRY--PERSONAL NAME
Personal name Mamdouh Reda Rezk ,
Relator term
856 ## - ELECTRONIC LOCATION AND ACCESS
Uniform Resource Identifier <a href="http://172.23.153.220/th.pdf">http://172.23.153.220/th.pdf</a>
905 ## - LOCAL DATA ELEMENT E, LDE (RLIN)
Cataloger Nazla
Reviser Revisor
905 ## - LOCAL DATA ELEMENT E, LDE (RLIN)
Cataloger Shimaa
Reviser Cataloger
942 ## - ADDED ENTRY ELEMENTS (KOHA)
Source of classification or shelving scheme Dewey Decimal Classification
Koha item type Thesis
المقتنيات
Source of classification or shelving scheme Not for loan Home library Current library Date acquired Full call number Barcode Date last seen Koha item type Copy number
Dewey Decimal Classification   المكتبة المركزبة الجديدة - جامعة القاهرة قاعة الرسائل الجامعية - الدور الاول 11.02.2024 Cai01.08.03.M.Sc.2021.Me.A 01010110084469000 22.09.2023 Thesis  
Dewey Decimal Classification   المكتبة المركزبة الجديدة - جامعة القاهرة مخـــزن الرســائل الجـــامعية - البدروم 11.02.2024 Cai01.08.03.M.Sc.2021.Me.A 01020110084469000 22.09.2023 CD - Rom 84469.CD
Cairo University Libraries Portal Implemented & Customized by: Eng. M. Mohamady Contacts: new-lib@cl.cu.edu.eg | cnul@cl.cu.edu.eg
CUCL logo CNUL logo
© All rights reserved — Cairo University Libraries
CUCL logo
Implemented & Customized by: Eng. M. Mohamady Contact: new-lib@cl.cu.edu.eg © All rights reserved — New Central Library
CNUL logo
Implemented & Customized by: Eng. M. Mohamady Contact: cnul@cl.cu.edu.eg © All rights reserved — Cairo National University Library